[Event "AUTO-OPEN-4531"]
[Site "http://www.queenalice.com/game.php?id=1851446"]
[Date "2025.2.1"]
[Round "2"]
[White "mestreRJ"]
[Black "Scharlatan"]
[Result "1-0"]
[WhiteElo "2724"]
[BlackElo "2069"]

1. e4 e6 2. d4 d5 3. e5 c5 4. c3 Nc6 5. Nf3 Nh6 6. Bxh6 gxh6 7. Bb5 Qb6 8. Qe2
a6 9. Bxc6+ bxc6 10. O-O Rb8 11. Nbd2 a5 12. Qe3 Rg8 13. Rfc1 Ba6 14. Rc2 Bg7
15. dxc5 Qc7 16. c4 Bxc4 17. Nxc4 dxc4 18. Rd1 Qe7 19. Qe4 Rc8 20. Qxh7 1-0

[Event "AUTO-ELITE-2552"]
[Site "http://www.queenalice.com/game.php?id=1854181"]
[Date "2025.3.19"]
[Round "3"]
[White "mestreRJ"]
[Black "acid"]
[Result "1/2-1/2"]
[WhiteElo "2721"]
[BlackElo "2719"]

1. e4 e5 2. Nf3 Nc6 3. Bc4 Bc5 4. c3 Nf6 5. d4 exd4 6. cxd4 Bb4+ 7. Bd2 Nxe4 8.
Bxb4 Nxb4 9. Bxf7+ Kxf7 10. Qb3+ Kf8 11. Qxb4+ Qe7 12. Qxe7+ Kxe7 13. O-O Kd8
14. Re1 Nf6 15. Ng5 Rf8 16. Nc3 a5 17. Nge4 Ra6 18. d5 Nxe4 19. Rxe4 d6 20. b3
Bd7 21. f3 Re8 22. Rf4 Re5 23. Rf7 Re7 24. Rf8+ Re8 25. Rf7 1/2-1/2

[Event "AUTO-ELITE-2552"]
[Site "http://www.queenalice.com/game.php?id=1854182"]
[Date "2025.3.19"]
[Round "3"]
[White "acid"]
[Black "mestreRJ"]
[Result "1/2-1/2"]
[WhiteElo "2719"]
[BlackElo "2721"]

1. d4 Nf6 2. Bg5 c6 3. Nf3 d5 4. e3 Qb6 5. Bd3 Qxb2 6. Nbd2 g6 7. O-O Bg7 8. a4
O-O 9. e4 Nxe4 10. Bxe4 dxe4 11. Nxe4 Bf5 12. Re1 Nd7 13. Bxe7 Bxe4 14. Rxe4
Rfe8 15. c4 Qc3 16. Rc1 Qa5 17. h4 Nb6 18. Qd3 Qf5 19. Rce1 Nxa4 20. g4 Qd7 21.
h5 Nb2 22. Qb3 Nxc4 23. Qxc4 Rxe7 24. Rxe7 Qxg4+ 1/2-1/2

[Event "AUTO-OPEN-4530"]
[Site "http://www.queenalice.com/game.php?id=1856132"]
[Date "2025.4.24"]
[Round "3"]
[White "mestreRJ"]
[Black "CCapivara"]
[Result "1-0"]
[WhiteElo "2722"]
[BlackElo "2282"]

1. e4 d6 2. Nf3 Nf6 3. c3 c6 4. Qc2 e5 5. d4 exd4 6. cxd4 Bg4 7. Nc3 Bxf3 8.
gxf3 Nbd7 9. h4 Be7 10. Be3 O-O 11. O-O-O Qa5 12. f4 Rfe8 13. Kb1 b5 14. e5 Nd5
15. Nxd5 cxd5 16. Qf5 Nb6 17. h5 Nc4 18. Bd3 g6 19. hxg6 fxg6 20. Qe6+ Kg7 21.
Rxh7+ Kxh7 22. Qxg6+ 1-0

[Event "AUTO-OPEN-4530"]
[Site "http://www.queenalice.com/game.php?id=1856133"]
[Date "2025.4.24"]
[Round "3"]
[White "CCapivara"]
[Black "mestreRJ"]
[Result "0-1"]
[WhiteElo "2248"]
[BlackElo "2723"]

1. e4 e6 2. d4 d5 3. exd5 exd5 4. Nf3 Nf6 5. Bd3 Bd6 6. O-O O-O 7. Bg5 Bg4 8.
Nbd2 Nbd7 9. c3 h6 10. Bh4 c6 11. Qc2 Re8 12. Rae1 Qc7 13. Bf5 Bxf5 14. Qxf5 g6
15. Qd3 Nh5 16. Bg3 Nxg3 17. hxg3 Rxe1 18. Rxe1 Nf6 19. Ne5 Kg7 20. Re2 c5 21.
f4 cxd4 22. cxd4 Qc1+ 23. Nf1 Rc8 24. a3 Ne4 25. Qe3 Qxe3+ 26. Rxe3 Rc1 27. Nf3
Nxg3 28. Re1 Rxe1 29. Nxe1 Nxf1 30. Kxf1 Bxf4 31. Ke2 Kf6 32. Nd3 Bd6 33. Kf3 h5
34. a4 g5 35. b3 g4+ 36. Kf2 Kf5 37. Ke3 Bh2 38. Nc5 b6 39. Nd3 Bg1+ 0-1

[Event "AUTO-OPEN-4531"]
[Site "http://www.queenalice.com/game.php?id=1857850"]
[Date "2025.5.24"]
[Round "3"]
[White "mestreRJ"]
[Black "CCapivara"]
[Result "1-0"]
[WhiteElo "2719"]
[BlackElo "2185"]

1. e4 d6 2. Nf3 Nf6 3. c3 c6 4. Qc2 e5 5. d4 Qc7 6. h3 Be7 7. Bd3 O-O 8. O-O b5
9. Be3 Bb7 10. Rd1 Nbd7 11. Nbd2 a6 12. a4 Rfc8 13. Bf1 Nf8 14. b4 Ne6 15. Rab1
h6 16. c4 exd4 17. Nxd4 Nxd4 18. Bxd4 Rab8 19. Qb2 bxc4 20. e5 Ne8 21. exd6 Nxd6
22. Bxg7 Nf5 23. Be5 Bd6 24. Nxc4 Bxe5 25. Nxe5 c5 26. Rd7 Qb6 27. Bc4 cxb4 28.
Bxf7+ Kg7 29. Bg6+ Kf8 30. Bxf5 Qf6 31. Ng6+ 1-0

[Event "AUTO-OPEN-4531"]
[Site "http://www.queenalice.com/game.php?id=1857851"]
[Date "2025.5.24"]
[Round "3"]
[White "CCapivara"]
[Black "mestreRJ"]
[Result "0-1"]
[WhiteElo "2200"]
[BlackElo "2720"]

1. e4 e6 2. d4 d5 3. exd5 exd5 4. Nf3 Nf6 5. Bd3 Bd6 6. O-O O-O 7. Bg5 Bg4 8.
Nbd2 Nbd7 9. c3 h6 10. Bh4 c6 11. Qc2 Re8 12. Rae1 Qc7 13. Bf5 Bxf5 14. Qxf5 g6
15. Qd3 Nh5 16. Bg3 Nxg3 17. hxg3 Rxe1 18. Rxe1 Nf6 19. Ne5 Kg7 20. Ndf3 Re8 21.
Re2 c5 22. b3 cxd4 23. cxd4 Rc8 24. g4 Ne4 25. Nd2 Qc1+ 26. Nf1 Qa1 27. Rc2 Rxc2
28. Qxc2 Qxd4 29. Nf3 Qa1 30. Nd2 Nf6 31. f3 Qd4+ 32. Kh1 Bc5 33. Kh2 Nh7 34. f4
Qxf4+ 35. Kh1 Qf2 36. Kh2 Qh4# 0-1

[Event "OVER THE TOP"]
[Site "http://www.queenalice.com/game.php?id=1859020"]
[Date "2025.6.22"]
[Round "1"]
[White "diedoofen"]
[Black "mestreRJ"]
[Result "1/2-1/2"]
[WhiteElo "2585"]
[BlackElo "2699"]

1. e4 e6 2. d4 d5 3. Nc3 dxe4 4. Nxe4 Nd7 5. Nf3 Ngf6 6. Nxf6+ Nxf6 7. Bd3 c5 8.
dxc5 Bxc5 9. Qe2 O-O 10. Bd2 e5 11. O-O-O Qb6 12. Nxe5 Re8 13. Bc3 Bxf2 14. Rhf1
Qe3+ 15. Kb1 Ne4 16. Qxe3 Nxc3+ 17. bxc3 Bxe3 18. Bb5 Rf8 19. Rxf7 Rxf7 20. Bc4
Kf8 21. Nxf7 Bc5 22. Ng5 h6 23. Ne4 Be7 24. Rf1+ Ke8 25. Rf7 Bf8 26. Bd5 Bd7 27.
c4 Bc6 28. Rf3 1/2-1/2

[Event "AUTO-ELITE-2591"]
[Site "http://www.queenalice.com/game.php?id=1860809"]
[Date "2025.7.29"]
[Round "1"]
[White "mestreRJ"]
[Black "trompmaster"]
[Result "1-0"]
[WhiteElo "2698"]
[BlackElo "2342"]

1. e4 d6 2. Nf3 Nd7 3. d4 e5 4. Bc4 h6 5. dxe5 Qe7 6. Nc3 dxe5 7. a4 Ngf6 8. a5
c6 9. O-O Nc5 10. b4 Be6 11. Nxe5 Rd8 12. Qe2 Ncd7 13. Bxe6 Qxe6 14. Nd3 Ne5 15.
Rb1 Nxd3 16. cxd3 Qe5 17. Bb2 Qh5 18. b5 cxb5 19. Qxh5 Nxh5 20. Nxb5 Nf4 21.
Rfd1 Rd7 22. Nd4 f6 23. g3 Ng6 24. Bc3 Kf7 25. Nf5 Ne5 26. Bxe5 fxe5 27. Rb5 g6
28. Ne3 Bg7 29. Rdb1 Rb8 30. Nc4 Ke6 31. R1b3 Rc7 32. h4 h5 33. Kf1 Rf7 34. Rb2
Rd7 35. Ke2 Rc7 36. Rd5 Rc6 37. Rbb5 a6 38. Rb1 Bh8 39. Ke3 Bf6 40. Rb3 Bg7 41.
f3 Bh6+ 42. Ke2 Bg7 43. g4 hxg4 44. fxg4 Bf6 45. g5 Bg7 46. Ke3 Bh8 47. Rb6 Rxb6
48. axb6 Bg7 49. Rd6+ Kf7 50. Rd7+ Kg8 51. Kd2 Kh8 52. Kc2 Kg8 53. Na5 Bf8 54.
Rxb7 Rxb7 55. Nxb7 Be7 56. Na5 Kf7 57. b7 Bd6 58. Kb3 1-0

[Event "AUTO-ELITE-2591"]
[Site "http://www.queenalice.com/game.php?id=1860810"]
[Date "2025.7.29"]
[Round "1"]
[White "trompmaster"]
[Black "mestreRJ"]
[Result "0-1"]
[WhiteElo "2338"]
[BlackElo "2697"]

1. d4 Nf6 2. Nf3 e6 3. Bf4 d5 4. e3 c5 5. c3 Qb6 6. Qc2 Bd6 7. Bxd6 Qxd6 8. dxc5
Qxc5 9. Nbd2 O-O 10. Bd3 b6 11. e4 h6 12. O-O Nbd7 13. Rfe1 Qc7 14. e5 Ng4 15.
c4 Ndxe5 16. Bh7+ Kh8 17. Nxe5 Nxe5 18. cxd5 Qd6 19. Ne4 Qe7 20. d6 Qd7 21. Rad1
Bb7 22. Nc3 Ng4 23. f3 Nf6 24. Be4 Nxe4 25. fxe4 e5 26. Rd2 Rad8 27. Red1 Qc6
28. d7 Qc5+ 29. Kh1 f5 30. exf5 e4 31. Rd4 Qxf5 32. Qe2 Rf7 33. Nd5 Qxd7 34. Ne3
Qxd4 35. Rxd4 Rxd4 36. h3 Rd3 37. Ng4 Re7 38. Kg1 Bc8 39. Qf2 Kg8 40. Qh4 Re6
41. Nf2 Rd5 42. Nxe4 Bb7 43. Kh2 Rd3 44. Nf2 Rg6 45. Qc4+ Kh8 46. Qxd3 Rxg2+ 47.
Kh1 Rg3+ 48. Kh2 Rxd3 49. Nxd3 Kg8 50. Ne5 Kf8 51. Kg3 Bd5 52. b3 Ke7 53. Nf3
Bxf3 54. Kxf3 a5 55. Kf4 Kf6 56. Kf3 Kf5 57. a3 g5 58. Kg3 h5 59. Kf3 g4+ 60.
hxg4+ hxg4+ 0-1

[Event "AUTO-ELITE-2591"]
[Site "http://www.queenalice.com/game.php?id=1860811"]
[Date "2025.7.29"]
[Round "1"]
[White "mestreRJ"]
[Black "Sexxy_Bunny"]
[Result "1/2-1/2"]
[WhiteElo "2698"]
[BlackElo "2701"]

1. e4 c5 2. c3 d5 3. exd5 Qxd5 4. d4 Nf6 5. Nf3 e6 6. Na3 Nc6 7. Be3 cxd4 8. Nb5
Qd8 9. Nbxd4 Nd5 10. Nxc6 bxc6 11. Bd2 Be7 12. Qc2 O-O 13. Bd3 h6 14. O-O Qc7
15. c4 Nf4 16. Bh7+ Kh8 17. Be4 f5 18. Bxf4 Qxf4 19. Bxc6 Rb8 20. Rae1 Bf6 21.
b3 Qc7 22. Ba4 e5 23. Rd1 e4 24. Nd4 Be5 25. h3 Rf6 26. Nb5 Qe7 27. Nc3 Be6 28.
Nd5 Bxd5 29. Rxd5 Rd6 30. Rfd1 Rbd8 31. Rxd6 Rxd6 32. Kf1 a5 33. g3 Bd4 34. Bc6
Qc7 35. Be8 Qe7 36. c5 Bxc5 37. Rxd6 Qxd6 38. Bg6 Qd5 39. Bf7 Qd3+ 40. Qxd3 exd3
41. f4 Kh7 42. Bc4 d2 43. Ke2 Bf2 44. g4 fxg4 45. hxg4 Be3 46. f5 g6 47. Bd3
gxf5 48. Bxf5+ Kg7 49. Bc2 Bf4 50. a4 Kf6 51. b4 axb4 52. a5 Ke6 53. a6 Bb8 54.
Kxd2 Kd6 55. Bd3 Kc6 56. Kc2 Kb6 57. Kb3 Ka5 58. Bc4 Ba7 59. Kc2 Bc5 60. Bd3 Ka4
61. Bc4 Ba7 62. Kd3 Bb6 63. Kc2 Bc5 64. Kd3 Ka5 65. Kc2 Ka4 66. Kd3 b3 67. Kc3
Bb4+ 68. Kb2 Ba3+ 69. Kc3 Bb4+ 70. Kb2 Ba3+ 71. Kc3 Bb4+ 1/2-1/2

[Event "AUTO-ELITE-2591"]
[Site "http://www.queenalice.com/game.php?id=1860812"]
[Date "2025.7.29"]
[Round "1"]
[White "Sexxy_Bunny"]
[Black "mestreRJ"]
[Result "1/2-1/2"]
[WhiteElo "2699"]
[BlackElo "2698"]

1. e4 e6 2. d4 d5 3. Nc3 dxe4 4. Nxe4 Nd7 5. Nf3 Ngf6 6. Nxf6+ Nxf6 7. Bd3 c5 8.
dxc5 Bxc5 9. O-O O-O 10. Bg5 b6 11. Qe2 Bb7 12. Rad1 Qc7 13. Bxf6 gxf6 14. Be4
Bxe4 15. Qxe4 Rfd8 16. c3 f5 17. Qa4 Be7 18. Rxd8+ Rxd8 19. Rd1 Rxd1+ 20. Qxd1
Bf6 21. Qa4 Kg7 22. g3 h6 23. Kg2 Qb7 24. Qc4 b5 25. Qd3 Qc6 26. Kg1 Qa6 27. a3
Qa4 28. Nd4 Bxd4 29. cxd4 b4 30. d5 bxa3 31. bxa3 exd5 32. Qxf5 Qxa3 33. Qg4+
Kh7 34. Qf5+ Kg7 35. Qg4+ Kh7 36. Qf5+ Kg7 1/2-1/2

[Event "kasker -2"]
[Site "http://www.queenalice.com/game.php?id=1862145"]
[Date "2025.8.25"]
[Round "2"]
[White "mestreRJ"]
[Black "bishop55"]
[Result "1/2-1/2"]
[WhiteElo "2695"]
[BlackElo "2567"]

1. e4 c5 2. c3 Nf6 3. e5 Nd5 4. d4 cxd4 5. Nf3 Nc6 6. cxd4 d6 7. Bc4 Nb6 8. Bb5
dxe5 9. Nxe5 Bd7 10. Nxd7 Qxd7 11. Nc3 e6 12. O-O a6 13. Bxc6 Qxc6 14. Be3 Nd5
15. Rc1 Be7 16. Qf3 Nxc3 17. Qxc6+ bxc6 18. Rxc3 Kd7 19. Rfc1 Rhc8 20. b3 a5 21.
Rc4 Rab8 22. Kf1 Rb5 23. Ke2 Rd5 24. h3 Bd8 25. R1c3 Bb6 26. Rc1 g5 27. g3 h6
28. R1c2 Rf5 29. Rc1 Rd5 1/2-1/2